[Event "AP Province-ch"]
[Site "Fermo"]
[Date "2008.01.13"]
[Round "3"]
[White "Marinucci, Johnny"]
[Black "Rotoni, Matteo"]
[Result "0-1"]
[WhiteElo "1724"]
[BlackElo "2119"]
[PlyCount "44"]
[EventDate "2008.01.12"]
[EventType "swiss"]
[EventRounds "6"]
[EventCountry "ITA"]
[SourceTitle "EXT 2009"]
[Source "ChessBase"]
[SourceDate "2008.11.26"]
[SourceVersion "1"]
[SourceVersionDate "2008.11.26"]
[SourceQuality "1"]

1. d4 d5 2. Bf4 Nc6 3. e3 Bf5 4. c3 e6 5. Nf3 Bd6 6. Ne5 Bxe5 7. dxe5 f6 8. Qa4 a6 9. exf6 Nxf6 10. Bg5 0-0 11. Nd2 Qd6 12. Be2 Kh8 13. Qf4 Qxf4 14. Bxf4 e5 15. Bg3 d4 16. cxd4 exd4 17. exd4 Nxd4 18. Kd1 Rad8 19. Rc1 c6 20. Re1 Ne4 21. Bh4 Rd7 22. Bd3 Nxd2 0-1

[Event "Porto Sant Elpidio op-B 9th"]
[Site "Porto Sant Elpidio"]
[Date "2006.11.19"]
[Round "3"]
[White "Marinucci, Johnny"]
[Black "Micucci, Alberto"]
[Result "1-0"]
[WhiteElo "1667"]
[BlackElo "1461"]
[PlyCount "109"]
[EventDate "2006.11.18"]
[EventType "swiss"]
[EventRounds "6"]
[EventCountry "ITA"]
[SourceTitle "EXT 2011"]
[Source "ChessBase"]
[SourceDate "2010.11.26"]
[SourceVersion "1"]
[SourceVersionDate "2010.11.26"]
[SourceQuality "1"]

1. d4 Nf6 2. Nf3 g6 3. Bf4 Nc6 4. e3 Bg7 5. Be2 d6 6. h3 Bf5 7. c3 e6 8. Nbd2 e5 9. dxe5 dxe5 10. Nxe5 0-0 11. Ndf3 Nd5 12. Bg3 Be4 13. 0-0 Re8 14. Nxc6 bxc6 15. Bc4 Bf6 16. Qe2 Qc8 17. Rad1 Qf5 18. Nd4 Bxd4 19. Rxd4 Nf6 20. Bxc7 a5 21. Rfd1 Bd5 22. Bxd5 Nxd5 23. Bg3 Qf6 24. Qc4 Re6 25. Re4 Rae8 26. Rxe6 Qxe6 27. Qd4 f6 28. a3 Ne7 29. Qd7 Kf7 30. Qxe6+ Kxe6 31. Rd6+ Kf5 32. Rd7 Ke6 33. Ra7 Nf5 34. Rxa5 Nxg3 35. fxg3 Kd6 36. Kf2 f5 37. Ra4 c5 38. Ra7 Kd5 39. Rxh7 Rc8 40. Rh4 Rb8 41. c4+ Ke5 42. b4 cxb4 43. axb4 Rxb4 44. Rd4 g5 45. Kf3 Rb2 46. Rd5+ Ke6 47. g4 Rc2 48. Rxf5 Rxc4 49. Rxg5 Rb4 50. Rf5 Rb7 51. h4 Rb1 52. h5 Rb4 53. h6 Rb1 54. h7 Rh1 55. Rh5 1-0

[Event "Porto Sant Elpidio op-B 8th"]
[Site "Porto Sant Elpidio"]
[Date "2005.11.26"]
[Round "4"]
[White "Battistelli, Gianluca"]
[Black "Marinucci, Johnny"]
[Result "0-1"]
[WhiteElo "1545"]
[BlackElo "1727"]
[PlyCount "96"]
[EventDate "2005.11.19"]
[EventType "swiss"]
[EventRounds "6"]
[EventCountry "ITA"]
[SourceTitle "EXT 2024"]
[Source "ChessBase"]
[SourceDate "2023.10.10"]
[SourceVersion "1"]
[SourceVersionDate "2023.10.10"]
[SourceQuality "1"]

1. d4 d5 2. Nf3 Nf6 3. c4 e6 4. Nc3 c6 5. Bf4 dxc4 6. e4 b5 7. a4 Bb4 8. Bg5 Bxc3+ 9. bxc3 Qa5 10. axb5 Qxc3+ 11. Bd2 Qb3 12. Qxb3 cxb3 13. e5 Nd5 14. Rb1 cxb5 15. Bxb5+ Bd7 16. Bc4 Nb6 17. Bxb3 0-0 18. 0-0 Nc6 19. Bc2 Rfc8 20. Be4 Rab8 21. Ra1 Nd5 22. h3 Ra8 23. Rfc1 Nce7 24. Rxc8+ Bxc8 25. Bb4 Kf8 26. Ra5 Bb7 27. Bc5 a6 28. Nd2 Ke8 29. Nc4 Nc8 30. g3 h6 31. f4 Bc6 32. Nd6+ Nxd6 33. Bxd6 Kd7 34. Ra3 Bb5 35. Bc2 Rc8 36. Bc5 g5 37. fxg5 hxg5 38. Bd3 Bxd3 39. Rxd3 Kc6 40. Rf3 Rc7 41. h4 g4 42. Rb3 a5 43. Rb2 Ne3 44. Rb1 Nf5 45. Kf2 Rb7 46. Rxb7 Kxb7 47. h5 Kc6 48. Ke2 Nxg3+ 0-1

[Event "Marken Province-ch"]
[Site "Morrovalle"]
[Date "2004.05.22"]
[Round "4"]
[White "Giobbi, Costantino"]
[Black "Marinucci, Johnny"]
[Result "1-0"]
[WhiteElo "1867"]
[BlackElo "1703"]
[PlyCount "75"]
[EventDate "2004.05.15"]
[EventType "swiss"]
[EventRounds "6"]
[EventCountry "ITA"]
[SourceTitle "EXT 2024"]
[Source "ChessBase"]
[SourceDate "2023.10.10"]
[SourceVersion "1"]
[SourceVersionDate "2023.10.10"]
[SourceQuality "1"]

1. c4 e5 2. Nc3 Nf6 3. g3 g6 4. Bg2 Bg7 5. d3 0-0 6. Nf3 Nc6 7. 0-0 d6 8. Bd2 Bd7 9. Rb1 a5 10. a3 h6 11. b4 axb4 12. axb4 Qc8 13. Ne1 Bh3 14. Nc2 Bxg2 15. Kxg2 Ne7 16. e4 g5 17. Ne3 Nh7 18. Ned5 Nxd5 19. Nxd5 Qd7 20. Ne3 Ra3 21. Ra1 Rfa8 22. Rxa3 Rxa3 23. Qc2 c6 24. Bc1 Ra8 25. Nf5 Nf8 26. h4 Ne6 27. Be3 Qd8 28. Qe2 d5 29. Qh5 Qf6 30. Rh1 d4 31. Bc1 Kf8 32. hxg5 hxg5 33. Nxg7 Qxg7 34. Qh8+ Qg8 35. Qf6 Ng7 36. Bxg5 Ne8 37. Bh6+ Ng7 38. Bxg7+ 1-0